Slowakisches Handelsgesetzbuch (HGB)

Uložené v:
Podrobná bibliografia
Hlavný autor: Geiling, Christian
Ďalší autori: Baburková, Dietlinde
Médium: Kniha
Jazyk:German
Vydavateľské údaje: Praha BaBtext 1994
Vydanie:1. Aufl.
Predmet:
Tagy: Pridať tag
Žiadne tagy, Buďte prvý, kto otaguje tento záznam!

MARC

LEADER 00000nam a2200000 4500
001 c011997
005 20221221080408.1
020 |a 80-85816-10-5 
041 0 |a ger 
044 |a CZ 
245 1 0 |a Slowakisches Handelsgesetzbuch (HGB)  |c Christian Geiling, Dietlinde Baburková 
250 |a 1. Aufl. 
264 1 |a Praha  |b BaBtext  |c 1994 
300 |a 270 s. 
610 2 0 |a Slovensko 
610 2 0 |a zákonník obchodný 
610 2 0 |a zákony 
610 2 0 |a obchod 
610 2 0 |a spoločnosti obchodné 
610 2 0 |a dlhy 
100 1 |a Geiling, Christian 
700 1 |a Baburková, Dietlinde